00514nam a2200169Ia 4500003000400000005001700004008004100021020001500062040002900077050002400106100001600130245007800146260004600224300001000270650004300280650002100323OSt20230809124444.0221021s9999||||xx |||||||||||||| ||und|| a0674068998 cChuka University Library aLB 2331b .B65 1982 aBok, Derek. 0aBeyond the ivory tower. Social responsibilities of the modern University  aCambridgebHarvard University Pressc1982 a318p. aHigher educationxAims and objectives  aAcademic freedom